| 000 | 01205nam a22002297a 4500 | ||
|---|---|---|---|
| 008 | 110815s1968 ua||||| |||| 00| 0 ara d | ||
| 082 |
_222 _a355.021 _bخ ط ا |
||
| 100 | 1 |
_926693 _aخطاب ، محمود شيت |
|
| 245 |
_aالوجيز فى العسكرية الإسرائيلية / _cمحمود شيت خطاب |
||
| 260 |
_aالقاهرة : _bمعهد البحوث والدراسات العربية ، _c1968. |
||
| 300 |
_a256 ص : _bخريطة ؛ _c24 سم. |
||
| 500 | _aمحاضرات ألقاها اللواء الركن محمود شيت خطاب على طلبة قسم البحوث والدراسات الفلسطينية | ||
| 504 | _aيشتمل عى إرجاعات ببليوجرافية 226 - 230 وكشاف من 231 - 243 | ||
| 650 |
_917545 _aالعسكرية |
||
| 650 |
_922272 _aالسياسة العسكرية |
||
| 650 |
_926694 _aالتاريخ الحربي |
||
| 650 |
_926695 _aالاسلحة والتسليح |
||
| 650 |
_926696 _aاسرائيل _xسياسة عسكرية |
||
| 653 |
_bGeneral _cAugust2011 |
||
| 942 |
_2ddc _cBB |
||
| 999 |
_c15826 _d15826 |
||